| 000 | 00718cab a2200229 4500 | ||
|---|---|---|---|
| 001 | X2959 | ||
| 008 | 090401t1995 xxu||||| |||| 00| 0 eng d | ||
| 035 | _a(Sirsi) u27479 | ||
| 041 | _aeng | ||
| 245 | _aMundic messages to Devon and Cornwall | ||
| 260 | _c1995 | ||
| 350 | _a0 | ||
| 490 |
_aCSM (Chartered Surveyor Monthly) _v4(9) July/August 1995, 23(1) |
||
| 520 | _aAnnounces the RICS publication `The mundic problem - a guidance note` and emphasises the importance of becomming familiar with this potential concrete problem. | ||
| 650 | _aCONCRETE | ||
| 650 | _aCORNWALL | ||
| 650 | _aDEVON | ||
| 650 | _aMUNDIC | ||
| 690 | _aBUILT ENVIRONMENT-BUILDING PATHOLOGY | ||
| 942 | _n0 | ||
| 948 | _c04/03/1997 | ||
| 999 |
_c18494 _d18494 |
||